Rosina: Odmeňovanie je čarodejnica

Podrobná bibliografia
Hlavní autori: Jančík, Ľuboš (Autor), Štulajter, Ivan (Autor)
Médium: Článok
Jazyk:slovenčina
Fyzický popis:Fotogr.
ISSN:1335-440X
Predmet:

MARC

LEADER 00000nab a2200000 ar4500
001 vtls009149306
003 SK-MaSNL
005 20260303064548.0
008 071012c20070908xo dr|p|||||||000 b|slo
015 |a SNBRB2007/10  |2 snkbucl 
040 |a SNKBUCL  |b slo  |c SNKBUCL  |e AACR2 
041 0 |a slo 
044 |a xo  |c SK 
080 |a 658.114.3-057.177.1  |2 2001 
080 |a 658.4:061.5  |x (437.6)  |2 2001 
100 1 |a Jančík, Ľuboš  |4 aut  |9 839570 
245 1 0 |a Rosina: Odmeňovanie je čarodejnica  |c Ľuboš Jančík, Ivan Štulajter 
300 |b Fotogr. 
500 |a Od 15.1.2007 návrat k pôvodnému vročeniu 
600 1 7 |a Rosina, Štefan,  |d 1962-  |2 snkbucl  |9 105967 
700 1 |a Štulajter, Ivan  |4 aut  |9 336217 
773 0 |t Sme  |g Roč. 15, č. 207 (8.9.2007), s. 7  |x 1335-440X 
852 |a SNK  |b KIS3GCP 
958 |a SK 
999 |c 1747667  |d 1749597